1045 1502 1570 1771 1901 1438 1184 1860 1738 1464 1803 1714 1266 1567 1128 1368 1907 1883 1682 1837 1097 1816 1503 1324 1078 1243 1975 1828 1021 1158 1065 1324 1397 1449 1860 1662 1559 1239 1153 1303 1351 1113 1503 1565 1335 1674 1250 1373 1204 1727 1107 1020 1868 1728 1823 1252 1577 1498 1307 1605 1787 1043 1276 1685 1238 1544 1801 1011 1824 1689 1771 1820 1308 1427 1381 1257 1311 1205 1717 1068 1301 1301 1175 1772 1052 1646 1402 1170 1783 1326 1630 1331 1885 1528 1426 1557 1207 1831 1170 BCNSPRNW ULIB Ver.6.0+V

เปลี่ยนเป็นภาษาไทย

Change to English
 แสดงรายละเอียดบรรณานุกรม
  กลับหน้าหลัก

Brief Record : Get Marc (ISO 2709) : E-mail record : QR code < ปิดหน้าต่าง
LEADER : 00000nas 2200000uu 4500
001    13399114003
003     ULIB
008    020711s|||| th a 000 0 tha d
110    ^aสาธรณสุขนครราชสีมา
245    ^aวารสารสาธรณสุขนครราชสีมา
260    ^aนครราชสีมา :^bสาธรณสุขนครราชสีมา,^cม.ป.ป.
310    ^aรายสองเดือน
850    ^aฉบับที่ 1 ปีที่ 20
945    ^p0^l0^i900109
รายการนี้ยังไม่มีแท็ก
คุณยังไม่ได้ล็อกอิน คุณสามารถมีกิจกรรมร่วมกับเว็บไซต์ได้ แต่ต้องล็อกอินก่อน ::
  ล็อกอิน

รายการสื่อสารสนเทศ (วารสาร)

ดูแบบ: กล่อง รายการ
ARRIVED
ฉบับที่ 1 ปีที่ 20
สถานที่: ห้องสมุดวิทยาเขตสวรรค์ประชารักษ์ >วารสาร
รายการใกล้เคียง
    ผู้แต่ง []

BibComment


ยังไม่เคยถูกคอมเมนท์

คอมเมนท์ทรัพยากรรายการนี้
  คอมเมนท์: วารสารสาธรณสุขนค..


 Copyright 2026. Bcnsprnw @Library